साक्षी / (Record no. 18352)

MARC details
000 -LEADER
fixed length control field 01012nam a22002297a 4500
005 - DATE AND TIME OF LATEST TRANSACTION
control field 20171222164051.0
010 ## - LCCN (DPL NO)
LC control number HIN-84852
020 ## - INTERNATIONAL STANDARD BOOK NUMBER
International Standard Book Number 9788189859756
Terms of availability 295.00
035 ## - SYSTEM CONTROL NUMBER
System control number HN-57198
037 ## - SOURCE OF ACQUISITION
Source of stock number/acquisition DBAD / PUB
082 ## - DEWEY DECIMAL CLASSIFICATION NUMBER
Classification number
100 ## - MAIN ENTRY--PERSONAL NAME
Personal name भैरप्पा, एस.एल.
245 ## - TITLE STATEMENT
Title साक्षी /
Statement of responsibility, etc एस.एल. भैरप्पा ;वी.बी.पुत्रन द्वारा अनुदित
246 ## - VARYING FORM OF TITLE
Title proper/short title Saakshi
Remainder of title by Bhyrappa
260 ## - PUBLICATION, DISTRIBUTION, ETC. (IMPRINT)
Place of publication, distribution, etc नई दिल्ली
Name of publisher, distributor, etc किताबघर प्रकाशन
Date of publication, distribution, etc 2008
270 ## - ADDRESS
Address 4855-56/24, अंसारी रोड, दरियागंज
City नई दिल्ली
Postal code 110002
300 ## - PHYSICAL DESCRIPTION
Extent 371पृ
Dimensions 18सेमी ( सजिल्द)
650 ## - SUBJECT ADDED ENTRY--TOPICAL TERM
Topical term or geographic name as entry element कन्नङ कथा साहित्य
General subdivision हिन्दी में अनुवाद
650 ## - SUBJECT ADDED ENTRY--TOPICAL TERM
Topical term or geographic name as entry element Kannada fiction
General subdivision Translations into Hindi
700 ## - ADDED ENTRY--PERSONAL NAME
Personal name पुत्रन, वी.बी.
942 ## - ADDED ENTRY ELEMENTS (KOHA)
Source of classification or shelving scheme Dewey Decimal Classification
Item type Hindi Books
Classification part
Call number suffix भैरप्पा
Holdings
Withdrawn status Lost status Not for loan Collection code Home library Current library Date acquired Source of acquisition Cost, normal purchase price Full call number Barcode Copy number Cost, replacement price Koha item type
    Not For Loan Fiction D.B.Act.Division D.B.Act.Division 12/11/2008 DBAD / PUB 295.00 उ भैरप्पा HN-57198 1 295.00 Hindi Books
      Fiction Janak Puri Janak Puri 15/09/2009 DBAD / PUB 295.00 उ भैरप्पा B-358248 1 295.00 Hindi Books

© Delhi Public Library
Hit Counter
free hit counter